Diaľnica '96 Kontraktačno-prezentačná výstava
Z obsahu prílohy: Tri medzinárodné koridory u nás. Historická príležitosť pre náš tunelársky potenciál. Rúrkové systémy z plastov. Dobrý pomocník pri výstavbe diaľnic a ciest. Apolloplast - nový modifikovaný asfalt z a.s. Slovnaft. Aquaro - drží a neprepustí. Finančné zabezpečenie prípravy a výstavb...
Saved in:
| Main Author: | |
|---|---|
| Other Authors: | , |
| Format: | Book Chapter |
| Language: | Slovak |
| Subjects: | |
| Tags: |
No Tags, Be the first to tag this record!
|
MARC
| LEADER | 00000naa a2200000 4500 | ||
|---|---|---|---|
| 001 | r021273 | ||
| 005 | 20230801104627.8 | ||
| 041 | 0 | |a slo | |
| 044 | |a SK | ||
| 245 | 1 | 0 | |a Diaľnica '96 |b Kontraktačno-prezentačná výstava |c A. Rezeš, R. Kraus, D. Zverková |
| 520 | |a Z obsahu prílohy: Tri medzinárodné koridory u nás. Historická príležitosť pre náš tunelársky potenciál. Rúrkové systémy z plastov. Dobrý pomocník pri výstavbe diaľnic a ciest. Apolloplast - nový modifikovaný asfalt z a.s. Slovnaft. Aquaro - drží a neprepustí. Finančné zabezpečenie prípravy a výstavby diaľnice. | ||
| 610 | 2 | 0 | |a Slovensko |
| 610 | 2 | 0 | |a 1996 |
| 610 | 2 | 0 | |a diaľnice |
| 610 | 2 | 0 | |a výstavy |
| 610 | 2 | 0 | |a Diaľnica '96 |
| 100 | 1 | |a Rezeš, A. | |
| 700 | 1 | |a Kraus, R. | |
| 700 | 1 | |a Zverková, Daniela | |